Größte Stadt von jedem Kontinent mit F - Statistiken

Allgemein
  • Dieses Quiz wurde 122 mal gespielt
  • Das Durchschnittsergebnis liegt bei 2 aus 6
Antwortstatistiken
Kontinent Stadt Land % Korrekt
Europa Frankfurt Deutschland
99%
Südamerika Fortaleza Brasilien
36%
Nordamerika Fort Worth USA
21%
Afrika Fes Marokko
17%
Asien Foshan China
8%
Ozeanien Frankston Australien
2%
Keine übereinstimmenden Quizze gefunden
Verteilung der Resultate
Anzahl Personen mit jedem Resultat
Perzentil nach korrekt beantworteten Fragen
Ihre Resultats-Entwicklung
Sie haben dieses Quiz noch nicht gespielt